000 00411nam a2200181Ia 4500
001 638
005 20260306140532.0
008 260306t2002||||xx |||||||||||||| ||spa||
041 _aESP
082 _a128
_bV27
100 _aValverde, Carlos
_eAUT
245 0 _aAntropología filosófica
260 _c2002
300 _a330 páginas :
_c23 cm.
650 _aGEN
654 _aCHU
942 _cLIB
_dJUS
_fJUS
_2ddc
_n
999 _c638
_d638